Southville International School and Colleges
Your cart is empty.
  • Cart
  • Lists
    Public lists Eva Luna New books Lux_list list_1
    Your lists Log in to create your own lists
  • Log in to your account
  • Your cookies
  • Search history
Southville International School and Colleges
  • Advanced search
  • Recent comments
  • Most popular
  • Libraries

Log in to your account

Log in with GOOGLE


If you do not have an external account, but do have a local account, you can still log in:

  1. Home
  2. MARC view: Dr. Jose Rizal and the writing of his story /
Normal view MARC view ISBD view

Dr. Jose Rizal and the writing of his story / (Record no. 18929)

[ view plain ]
MARC details
000 -LEADER
fixed length control field 00645nam a22002177a 4500
003 - CONTROL NUMBER IDENTIFIER
control field OSt
005 - DATE AND TIME OF LATEST TRANSACTION
control field 20140310183121.0
008 - FIXED-LENGTH DATA ELEMENTS--GENERAL INFORMATION
fixed length control field 130510t xxu||||| |||| 00| 0 eng d
020 ## - INTERNATIONAL STANDARD BOOK NUMBER
International Standard Book Number 9789712348686
050 ## - LIBRARY OF CONGRESS CALL NUMBER
Classification number DS 675.8R7
Item number .V145 2007
082 ## - DEWEY DECIMAL CLASSIFICATION NUMBER
Classification number F959.9025092
Item number .V145 2007
245 ## - TITLE STATEMENT
Title Dr. Jose Rizal and the writing of his story /
Statement of responsibility, etc Valdez, Maria Stella S.
260 ## - PUBLICATION, DISTRIBUTION, ETC. (IMPRINT)
Place of publication, distribution, etc Sampaloc, Manila :
Name of publisher, distributor, etc Rex Book Store,
Date of publication, distribution, etc 2007
300 ## - PHYSICAL DESCRIPTION
Extent vii, 337 p.
Dimensions 22 cm.
504 ## - BIBLIOGRAPHY, ETC. NOTE
Bibliography, etc Includes bibliographical references and index.
521 ## - TARGET AUDIENCE NOTE
Target audience note
526 ## - STUDY PROGRAM INFORMATION NOTE
Reading level 1210L-1700L
541 ## - IMMEDIATE SOURCE OF ACQUISITION NOTE
-- 1
562 ## - COPY AND VERSION IDENTIFICATION NOTE
Number of copies 1
942 ## - ADDED ENTRY ELEMENTS (KOHA)
Source of classification or shelving scheme Library of Congress Classification
Koha item type Books
Call number prefix Filipininana
Holdings
Withdrawn status Lost status Source of classification or shelving scheme Damaged status Home library Current library Shelving location Date acquired Total Checkouts Total Renewals Full call number Barcode Date last seen Date checked out Copy number Price effective from Koha item type
    Library of Congress Classification   College Library College Library Filipiniana Section 05/10/2013 2 1 DS 675.8R7 .V145 2007 C16635 05/08/2018 05/31/2017 1 05/10/2013 Books

Dr. Jose Rizal and the writing of his story /

APA

(2007). Dr. Jose Rizal and the writing of his story. Sampaloc, Manila: Rex Book Store.

Chicago

2007. Dr. Jose Rizal and the writing of his story. Sampaloc, Manila: Rex Book Store.

Harvard

(2007). Dr. Jose Rizal and the writing of his story. Sampaloc, Manila: Rex Book Store.

MLA

Dr. Jose Rizal and the writing of his story. Sampaloc, Manila: Rex Book Store. 2007.

  • Place hold
  • Print
  • Cite
  • Add to your cart (remove)
  • Save record
    BIBTEX Dublin Core MARCXML MARC (non-Unicode/MARC-8) MARC (Unicode/UTF-8) MARC (Unicode/UTF-8, Standard) MODS (XML) RIS
  • More searches
    Search for this title in:
    Other Libraries (WorldCat) Other Databases (Google Scholar) Online Stores (Bookfinder.com) Open Library (openlibrary.org)

Exporting to Dublin Core...

SOUTHVILLE LIBRARY

Southville International School and Colleges Library

1281 Tropical Ave. Cor. Luxembourg St., BF Homes International, Las Pinas City

Tel. No. 8256374 / 252358 Loc. 117/146

Powered by Koha